000 00285nam a22001457a 4500
003 SGT
020 _a658.8
082 _aLOV
100 _aLOVELOCK, CHRISOPHER
245 _aSERVICES MARKETING
250 _a8TH
260 _aPEARSON INDIA
_c2017
300 _a817
942 _2ddc
_cBK
999 _c14251
_d14251